MARC

LEADER 00000nam0a2200000 4500
001 66169
005 20240111112923.0
035 |a (RuTPU)RU\TPU\book\70270 
090 |a 66169 
100 |a 20040723d2005 m y0rusy50 ca 
101 0 |a rus 
102 |a RU 
105 |a a j 001zy 
200 1 |a Физико-химические основы процессов транспорта и хранения нефти и газа  |e учебное пособие  |f А. А. Новиков, Н. В. Чухарева  |g Томский политехнический университет 
210 |a Томск  |c Изд-во ТПУ  |d 2005 
215 |a 164 с.  |c ил. 
225 1 |a Учебники Томского политехнического университета 
320 |a Библиогр.: с. 158-160. 
606 1 |a Газонефтепроводы  |2 stltpush  |3 (RuTPU)RU\TPU\subj\5087  |9 33248 
610 1 |a нефтегазовое дело 
610 1 |a углеводородное сырье 
610 1 |a физико-химическая характеристика 
610 1 |a нефть 
610 1 |a газ 
610 1 |a химический состав 
610 1 |a фазовые состояния 
610 1 |a физические свойства 
610 1 |a равновесие 
610 1 |a качество 
610 1 |a контроль 
610 1 |a магистральные трубопроводы 
610 1 |a магистральные газопроводы 
610 1 |a учебные пособия 
610 1 |a труды учёных ТПУ 
675 |a 622.692(075.8)  |v 3 
700 1 |a Новиков  |b А. А.  |c химик-технолог  |c профессор Томского политехнического университета  |g Александр Автономович  |3 (RuTPU)RU\TPU\pers\29391 
701 1 |a Чухарева  |b Н. В.  |c специалист в области нефтегазового дела  |c доцент Томского политехнического университета, кандидат химических наук  |f 1967-  |g Наталья Вячеславовна  |3 (RuTPU)RU\TPU\pers\26133  |9 11962 
712 0 2 |a Томский политехнический университет  |3 (RuTPU)RU\TPU\col\376 
801 1 |a RU  |b 63413507  |c 20040723  |g PSBO 
801 2 |a RU  |b 63413507  |c 20201028  |g PSBO 
942 |c BK